Wim Quizmos Fragen aus Paper Mario - Statistiken

Allgemein
  • Dieses Quiz wurde 13 mal gespielt
  • Das Durchschnittsergebnis liegt bei 54 aus 64
Antwortstatistiken
Frage Antwort % Korrekt
“Wie viele Münzen kostet ein Pilz im Laden von Koopaheim?” 4 Münzen
100%
“Wer gehört nicht zu den Koopa-Brüdern?” Azzuro
100%
“Wenn du willst, dass Omle T. für dich Zitrus-Pop zubereiten soll, was musst du ihr außer einer Zitrone noch geben?” Backmischung
100%
“Wer hat versucht, dir in der Wüste Münzen zu stehlen?” Bandit
100%
“Welche Farbe hat die Brosche, die Prinzessin Peach trägt?” Blau
100%
“Welchen deiner Freunde hast du in der Festung der Koopa-Brüder gefunden?” Bombette
100%
“Was ist an deine Freunden adressiert und landet am Postamt?” Briefe
100%
“Wie kann man die Beziehung zwischen Mario und Luigi am besten beschreiben?” Brüder
100%
“Welche Fähigkeit setzt Bombette häufig ein?” Explodieren
100%
“Was sind eigentlich Buu Huus?” Geister
100%
“Welche Farbe hat der Häuptling von Yoshis Siedlung?” Grün
100%
“Wie lautet der Name des Anführer des Roten und Blauen Gumbas?” Gumba König
100%
“Wo kann man mich finden?” In Städten und Dörfern
100%
“Wohin fährt der Zug, der in Toad Town abfährt?” Klippenberg
100%
“Welches Buch hat Gourmet Guy fallen gelassen?” Kochbuch
100%
“Wer ist Koopers Idol?” Kolorado
100%
“Wo steht das Haus von Kolorado, dem Forscher?” Koopaheim
100%
“Wer war der 2te Freund, der dein Team beigetreten ist?” Kooper
100%
“Was mag Gourmet Guy?” Kuchen
100%
“Wie heißt Lakilesters Freundin?” Lakilulu
100%
“Wie heißt der ältere Koopa, der dir ständig irgendwelche Aufträge erteilt?” Mekoopalem
100%
“Wen findet man im Sternental?” Ninji
100%
“Was bekommst du, wenn du Merlow am Sternschnuppen-Gipfel Sternensplitter überreichst? Orden
100%
“Welche Farbe hat Bowsers Haar?” Rot
100%
“Welche Farbe hatte die Hose des Gumba-Königs?” Rot und Weiß
100%
“Welche Fähigkeit setzt Gumbario häufig ein?” Scanner
100%
“Wie viele Sterne musst du retten?” Sieben
100%
“Was würden Shy Guys niemals tun?” Singen
100%
“Wo lebt Merlieblich, die Wahrsagerin?” Sternenschnuppen-Gipfel
100%
”Welchen Schatz hat Bowser aus dem Sternenhafen gestohlen?” Sternen-Stab
100%
“Was erscheint, wenn du den Whacka am Klippenberg schlägst?” Whackas Kick
100%
“Wer bin ich?” Wim Quizmo
100%
“Welche Farbe hat Luigis Hose?” Blau
80%
“Wie heißt der Kerl, der in Toad Town Orden verkauft? Blöff
80%
“Wie lässt man die Röhre, die zum Casino von Toad Town führt, erscheinen?” Einen Baum Schlagen
80%
“Wie viele Fenster gibt es im Gumba-Haus in Gumbafurt?” Eins
80%
“Von welcher Farbe sind die Blöcke, die ihr anfangs zerstören könnt?” Gelb
80%
“Wie würden die Yoshi-Kinder in Yoshis Siedlung Sushie beschreiben?” Herrisch
80%
“Welche Frucht fällt außer Zitrone noch von den Bäumen in der Oase? Limette
80%
“Wer kannte den Standort der Staubtrockenen Ruinen in der Staubtrockenen Wüste?” Maustafa
80%
“Wie lautet der Name des älteren Herren, der in Toad Town die Zukunft voraussagt?” Merlon
80%
“Welches Gebäude liegt gegenüber vom Postamt in Toad Town?” Merlons Haus
80%
“Wer versteckt sich in einem Sarg in den Staubtrockenen Ruinen?” Pokey-Mumie
80%
“Wie lautet der Name des Sterns, der einen Sternensturm entfachen kann?” Professar
80%
“Welches dieser Gebäude steht NICHT in Toad Town?” Rathaus
80%
“Wie viele verschiedene Farben haben die Yoshis in Yoshis Siedlung?” Sechs
80%
“Wie viele Sterne hast du schon gerettet?” Sieben
80%
“Welchen Preis erhälst du, wenn du im Quiz eine Frage richtig beantwortest?” Sternensplitter
80%
“Welche Option steht bei Mario ganz links?” Strategie
80%
“Wie lautet der Name des Sternenkindes, das an Prinzessin Peachs Seite ist?” Twink
80%
“Was ist die Spezialität von Merlee im Staubtrockenen Vorposten?” Zaubersprüche
80%
“Welche Farbe hat das Dach des Hauses in Koopaheim, in den man Radio hören kann?” Blau
60%
“Wer gab dir das Zauberwasser in den Blütenfeldern?” Lilly
60%
“Welche der folgenden Personen kann man im Club 64 finden?” Pop Diva
60%
“Wie lautet der Name des Gelehrten in Toad Town?” Ross T.
60%
“Wie viele Mitglieder zählt Gumbarios Familie?” Sechs
60%
“Wie viele Gebäude stehen in Koopaheim?” Sechs
60%
“Welche Pflanze, die Sterne versprüht, kann man im Jade-Dschungel finden?” Tröt-Blume
60%
“Wie viele Bob-ombs, außer Bombette, waren in der Festung der Koopa-Brüder gefangen?” Vier
60%
“Mit wie vielen Freunden reist du durch die Welt?” Acht
40%
“Wie heißt Gumbarios Schwester?" Gumbaria
40%
“Welche Karte erhältst du, wenn du Lee im Dojo von Toad Town besiegt hast?” Mond-Karte
40%
“Wie lautet der Name der merkwürdigen Person in Toad Town, die Marios Werte verbessern kann?” Z. Orro
40%
“Wer lebt im Nimmernimmer-Wald?” Eichilie
20%
Keine übereinstimmenden Quizze gefunden
Verteilung der Resultate
Anzahl Personen mit jedem Resultat
Perzentil nach korrekt beantworteten Fragen
Ihre Resultats-Entwicklung
Sie haben dieses Quiz noch nicht gespielt